00471nam a2200169Ia 4500003000900000008004100009040001300050040001300063041000800076100001800084245014200102250001000244260002200254260000900276300001000285490000600295IT-RoPAU120407s9999 xx 000 0 und d aIT-RoPAU cIT-RoPAU afra aHubert Renard a"La Sainte Bible.(Pirot) Tome 5°: Les Psaumes (p.774( Tome 6°: Le Livre des Proverbes .( p. 7-187 )Trad. et commentés par H. Bernard" aParis aLetouzey et Ané c1946 c22 cm v1